000 00397nam a2200145Ia 4500
008 230917s9999||||xx |||||||||||||| ||und||
040 _e5012490
_aMAIN
041 _aEnglish
082 _a891.2109 P79R
100 _aPoonam Rani
245 0 _aRamanandyati-krit maniprabha tatha Narayan Teerth-krit yogsiddhantchandrika ka tulnatmak adhyayan
260 _c2021
300 _a492 p.
942 _cBK
999 _c10330
_d10330